01442nam a2200181 a 4500090002100000041000800021110002900029245015900058260005300217300001000270520073500280650002501015650002601040650002501066650004201091773011201133999001501245 aIAVHb00765 CD-1 aspa bFundación Natura92886 aRecopilación, análisis y síntesis de la información biofísica contenida en proyectos sobre conservación realizados en el nororiente colombiano aBogotábInstituto Alexander von Humboldtc2004 a47 p. aEn total se recopilaron y analizaron 66 proyectos de la región, sintetizando la información en bases de datos por nodos. Se anexa un listado de los proyectos que incluye además el nombre de 177 proyectos que no fueron analizados por no cumplir con los criterios establecidos. Se presenta además una síntesis del estado actual de los avances en el establecimiento de áreas protegidas y constitución de sistemas de áreas protegidas para la región basado en la información recopilada en CARS, Universidad y con otras ONGs. Se presenta una base de datos con información sobre áreas protegidas nacionales y regionales, incluyendo categoría, nombre y localizació n (incluyendo Reservas de la Sociedad Civil). aBiodiversidad992204 aConservación992401 aAreas protegidas978 aSistemas de áreas protegidas9924020 0598699704abdBogotá Informatica documental 2007o024802tInformes de investigaciones IAVH en PDFwxz c6044d6044